| 000 | 01127cab a2200241 4500 | ||
|---|---|---|---|
| 001 | E2007 | ||
| 008 | 090401t1994 xxu||||| |||| 00| 0 eng d | ||
| 035 | _a(Sirsi) u36920 | ||
| 041 | _aeng | ||
| 245 | _aBisset v Secretary of State for Scotland | ||
| 260 | _c1994 | ||
| 350 | _a0 | ||
| 490 |
_aScots Law Times _v1994 SLT(Lands Tr) 12-21(10) |
||
| 520 | _aLands Tribunal for Scotland 23 January 1991. Compulsory powers - purchase - compensation - purchase of part of land of hotel for road construction - whether severance loss - nature of claim for loss of profit - validity of claim for personal disruption - extraordinary costs of replacing house - Land Compensation (Scotland) Act 1963 (c.51), s. 12(2) - Land Compensation (Scotland) Act 1973 (c.56), ss.34,35. | ||
| 650 | _aHOTELS | ||
| 650 | _aLAND COMPENSATION (SCOTLAND) ACT 1963 | ||
| 650 | _aLAND COMPENSATION (SCOTLAND) ACT 1973 | ||
| 650 | _aLANDS TRIBUNAL FOR SCOTLAND | ||
| 650 | _aROAD CONSTRUCTION | ||
| 690 | _aENVIRONMENTAL AND LAND CONSULTANCY-PLANNING AND DEVELOPMENT-COMPULSORY PURCHASE AND COMPENSATION | ||
| 942 | _n0 | ||
| 948 | _c04/03/1997 | ||
| 999 |
_c23893 _d23893 |
||